Culture Générale - Série 2163 - Statistiques

Statistiques générales
  • Ce quiz a été pris 116 fois
  • Le résultat moyen est 6 sur 10
Statistiques - réponses
Question Réponse % Correct
Chez l'être humain, de quel organe la "tachycardie" est-elle une pathologie ? coeur
91%
Dans la série télévisée d'animation "Pif et Hercule" (1989-1990), quel animal est Hercule ? chat
89%
Qui a écrit "Madame Bovary" en 1857 ? prénom et nom Gustave Flaubert
80%
Quel animal imaginaire a été créé en 1952 par André Franquin dans la série Spirou et Fantasio ? voir photo marsupilami
80%
Dans la série de gags "Peanuts" (1950 à 2000), comment s'appelle le chien de Charlie Brown ? Snoopy
65%
Qui est l’auteur de La Critique de la raison pure ? Emmanuel Kant
62%
Quel est le nom courant de la maladie influenza ? grippe
59%
Quelle fruit est la "tinette" et la "chapendu" ? cerise
49%
Chez l’être humain, quelle glande située sous l’encéphale produit notamment l’hormone de croissance ? hypophyse
36%
Qui a écrit « Et rose, elle a vécu ce que vivent les roses, l’espace d’un matin » ? François de Malherbe
12%
Aucun quiz correspondant
Distribution des résultats
% des personnes avec chaque résultat
Percentile par nombre de réponses
Votre historique - résultats
Vous n’avez pas pris ce quiz